书目信息 |
| 题名: |
语言学教程
|
|
| 作者: | 廖美珍主编 主编 | |
| 分册: | ||
| 出版信息: | 峨嵋 西南交通大学出版社 2013.01 |
|
| 页数: | 430页 | |
| 开本: | 23cm | |
| 丛书名: | ||
| 单 册: | ||
| 中图分类: | H0 | |
| 科图分类: | ||
| 主题词: | 语言学--yu yan xue--英语--高等学校--教材 | |
| 电子资源: | ||
| ISBN: | 978-7-5643-2095-9 | |
| 000 | 00976nam 2200253 450 | |
| 001 | 2661835635 | |
| 005 | 20260326171254.63 | |
| 010 | @a978-7-5643-2095-9@dCNY28.00 | |
| 100 | @a20080508d2013 em y0chiy0120 ea | |
| 101 | 0 | @achi |
| 105 | @aa a 001yy | |
| 200 | 1 | @a语言学教程@Ayu yan xue jiao cheng@f廖美珍主编主编@FLiao Mei Zhen Zhu Bian Zhu Bian |
| 205 | @a4版 | |
| 210 | @a峨嵋@c西南交通大学出版社@d2013.01 | |
| 215 | @a430页@c图@d23cm | |
| 225 | 2 | @Abo ya yu yan xue jiao cai xi lie |
| 320 | @a有书目 (第329-334页) 和索引 | |
| 330 | @a本书在修订版中译本基础上听取广大师生意见改编而成。包括语言学理论介绍,语音,词汇,句法,语义,语言和认知,语言和社会文化,语言和文学,语言和计算机等十二章。 | |
| 410 | 0 | @12001 @Abo ya yu yan xue jiao cai xi lie |
| 606 | 0 | @a语言学@Ayu yan xue@x英语@x高等学校@j教材 |
| 690 | @aH0@v4 | |
| 701 | 0 | @a廖美珍主编@ALiao Mei Zhen Zhu Bian@4主编 |
| 801 | 0 | @aCN@b河南城建学院图书馆@c20080508 |
| 905 | @b706898-900@dH0@eL471=4@f3 | |
| 语言学教程/廖美珍主编主编.-4版.-峨嵋:西南交通大学出版社,2013.01 |
| 430页:图;23cm |
| ISBN 978-7-5643-2095-9:CNY28.00 |
| 本书在修订版中译本基础上听取广大师生意见改编而成。包括语言学理论介绍,语音,词汇,句法,语义,语言和认知,语言和社会文化,语言和文学,语言和计算机等十二章。 |
| ● |
| 相关链接 |
|
|
|
正题名:语言学教程
索取号:H0/L471=4
 
预约/预借
| 序号 | 登录号 | 条形码 | 馆藏地/架位号 | 状态 | 备注 |
| 1 | 1031591 | 210315915 | 语言库209/209语言库 112排2列2层/ [索取号:H0/L471=4] | 在馆 |